Diccionario de medicina y de terapéutica médica y quirúrgica ... / (Record no. 152496)

MARC details
000 -LEADER
campo de control de longitud fija 00936nam a2200229 i 4500
001 - NÚMERO DE CONTROL
campo de control 152496
003 - IDENTIFICADOR DE NÚMERO DE CONTROL
campo de control ES-MaACL
005 - FECHA Y HORA DE LA ÚLTIMA TRANSACCIÓN
campo de control 20230906204754.0
008 - DATOS DE LONGITUD FIJA--INFORMACIÓN GENERAL
campo de control de longitud fija 931025s1890 sp d |||| | spa d
100 1# - ENTRADA PRINCIPAL--NOMBRE DE PERSONA
Nombre de persona Bouchut, Eugène.
9 (RLIN) 30845
245 10 - MENCIÓN DEL TÍTULO
Título Diccionario de medicina y de terapéutica médica y quirúrgica ... /
Mención de responsabilidad, etc. por E. Bouchut y Armand Després ; traducido de la tercera edición francesa y aumentado por Pedro Espina y Martínez y Antonio Espina y Capo.
260 ## - PUBLICACIÓN, DISTRIBUCIÓN, ETC.
Lugar de publicación, distribución, etc. Madrid :
Nombre del editor, distribuidor, etc. Librería Ed. de Carlos Bailly-Bailliere,
Fecha de publicación, distribución, etc. 1890.
300 ## - DESCRIPCIÓN FÍSICA
Extensión 1624, 114 p. ;
Dimensiones 28 cm.
595 ## -
-- 10ª tirada.
650 #4 - PUNTO DE ACCESO ADICIONAL DE MATERIA--TÉRMINO DE MATERIA
Término de materia o nombre geográfico como elemento de entrada Medicina-
Subdivisión de forma Diccionarios.
9 (RLIN) 14897
650 #4 - PUNTO DE ACCESO ADICIONAL DE MATERIA--TÉRMINO DE MATERIA
Término de materia o nombre geográfico como elemento de entrada Cirugía-
Subdivisión de forma Diccionarios.
9 (RLIN) 11051
700 1# - ENTRADA AGREGADA--NOMBRE PERSONAL
Nombre de persona Després, Armand.
9 (RLIN) 43924
700 1# - ENTRADA AGREGADA--NOMBRE PERSONAL
Nombre de persona Espina y Martínez, Pedro.
9 (RLIN) 47841
700 1# - ENTRADA AGREGADA--NOMBRE PERSONAL
Nombre de persona Espina y Capo, Antonio,
Fechas asociadas al nombre 1850-1930
9 (RLIN) 47840
852 ## - LOCALIZACIÓN
Ubicación ES-MaACL
Número de control de estantería B-10969
Nota libre - Enc. pasta española
Holdings
Estatus retirado Estado de pérdida Estado de daño No para préstamo Colección Biblioteca de origen Biblioteca actual Ubicación en estantería Fecha de adquisición Fuente de adquisición Total de préstamos Signatura topográfica completa Código de barras Visto por última vez Precio de reemplazo Tipo de ítem Koha
        Colección de referencia Biblioteca del Ateneo de Madrid Biblioteca del Ateneo de Madrid Sala Pardo Bazán 17/01/2008     B-10969 1159239 23/02/2023 23/02/2023 Libro impreso antiguo